000 01204nam a2200229Ia 4500
001 L230-5756
003 IT-CnALBA
008 170116s9999||||xx |||||||||||||| ||und||
040 _aIT-CnALBA
_cIT-CnALBA
041 _aLATINO
100 _aALBERTO P. DA BOLZANO
245 0 _aINSTITUTIONE THEOLOGICAE THEORETICAE. VOL. III. DE DEO HUMANI GENERIS REDEMPTORE.
250 _a1a ed.
260 _a TORINO - ROMA
_bMARIETTI EDITORE
_c1883 [1° Ed.:1883 - Ed.Ling.Originale: 1883]
300 _a468 p.
500 _aDIO REDENTORE DELL'UOMO PECCATORE. INCARNAZIONE. DIVINITÀ E UMANITÀ DI CRISTO. DUE NATURE UNA SOLA PERSONA IN CRISTO. CONSEGUENZE DELL'UNIONE IPOSTATICA. PREROGATIVE DI CRISTO UOMO. MOTIVO E NECESSITÀ DELL'INCARNAZIONE. CRISTO RE.
501 _aSocietà San Paolo EM - Piazza San Paolo, 14 - 12051 ALBA (CN) (non commercial uses only) ® Copyright 2017
520 _aDIO REDENTORE DELL'UOMO PECCATORE. INCARNAZIONE. DIVINITÀ E UMANITÀ DI CRISTO. DUE NATURE UNA SOLA PERSONA IN CRISTO. CONSEGUENZE DELL'UNIONE IPOSTATICA. PREROGATIVE DI CRISTO UOMO. MOTIVO E NECESSITÀ DELL'INCARNAZIONE. CRISTO RE.
650 _aDOGMATICA CRISTIANA
942 _cBK
957 _71
999 _a6735
_bSI
_g Copie: 1
_c264941
_d264941